|
|
|
|
| LEADER |
00861cam a2200229 7i4500 |
| 001 |
0000065221 |
| 005 |
20081118090000.0 |
| 008 |
081118s2004 nju eng |
| 020 |
# |
0 |
|a 0910965676 (pbk.)
|
| 020 |
# |
0 |
|a 9780910965675 (pbk.)
|
| 090 |
0 |
0 |
|a ZA 4150
|b .T6 2004
|
| 100 |
1 |
# |
|a Tomaiuolo, Nicholas G.,
|d 1955-
|
| 245 |
1 |
4 |
|a The Web library :
|b building a world class personal library with free Web resources
|c Nicholas G. Tomaiuolo ; edited by Barbara Quint.
|
| 260 |
# |
# |
|a Medford, N.J.:
|b CyberAge Books,
|c 2004.
|
| 300 |
# |
# |
|a xxiii, 408 p.:
|b ill.;
|c 23 cm..
|
| 500 |
# |
# |
|a "Foreword by Steve Coffman"--Cover
|
| 650 |
0 |
0 |
|a Online information services
|
| 650 |
0 |
0 |
|a Digital libraries
|
| 650 |
0 |
0 |
|a Internet searching
|
| 650 |
0 |
0 |
|a Computer network resources
|
| 700 |
1 |
1 |
|a Quint, Barbara(
|d 1943-)
|
| 999 |
|
|
|a 1100060500
|b Book
|c Open Shelf
|e KOLEKSI TERBUKA
|